Alle WM-Torschützen für den DFB - Statistiken

Allgemein
  • Dieses Quiz wurde 278 mal gespielt
    229 seit der letzten Aktualisierung
  • Das Durchschnittsergebnis liegt bei 141 aus 245
Antwortstatistiken
Jahr Gegner Torschütze % Korrekt
1978 Niederlande (2:1) Dieter Müller
99%
1978 Mexiko (1:0) Dieter Müller
99%
1974 Niederlande (2:1) Gerd Müller
99%
1974 Polen (1:0) Gerd Müller
99%
1974 Jugoslawien (2:0) Gerd Müller
99%
1974 Australien (3:0) Gerd Müller
99%
1970 Italien (3:3) Gerd Müller
99%
1970 Italien (2:1) Gerd Müller
99%
1970 England (3:2) Gerd Müller
99%
1970 Peru (3:0) Gerd Müller
99%
1970 Peru (2:0) Gerd Müller
99%
1970 Peru (1:0) Gerd Müller
99%
1970 Bulgarien (5:1) Gerd Müller
99%
1970 Bulgarien (3:1) Gerd Müller
99%
1970 Bulgarien (2:1) Gerd Müller
99%
1970 Marokko (2:1) Gerd Müller
99%
1978 Mexiko (2:0) Hansi Müller
99%
2014 Brasilien (1:0) Thomas Müller
99%
2014 USA (1:0) Thomas Müller
99%
2014 Portugal (4:0) Thomas Müller
99%
2014 Portugal (3.0) Thomas Müller
99%
2014 Portugal (1:0) Thomas Müller
99%
2010 Uruguay (1:0) Thomas Müller
99%
2010 Argentinien (1:0) Thomas Müller
99%
2010 England (4:1) Thomas Müller
99%
2010 England (3:1) Thomas Müller
99%
2010 Australien (3:0) Thomas Müller
99%
2014 Brasilien (2:0) Klose
97%
2014 Ghana (2:2) Klose
97%
2010 Argentinien (4:0) Klose
97%
2010 Argentinien (3:0) Klose
97%
2010 England (1:0) Klose
97%
2010 Australien (2:0) Klose
97%
2006 Argentinien (1:1) Klose
97%
2006 Ecuador (2:0) Klose
97%
2006 Ecuador (1:0) Klose
97%
2006 Costa Rica (3:1) Klose
97%
2006 Costa Rica (2:1) Klose
97%
2002 Kamerun (2:0) Klose
97%
2002 Irland (1:0) Klose
97%
2002 Saudi-Arabien (5:0) Klose
97%
2002 Saudi-Arabien (2:0) Klose
97%
2002 Saudi-Arabien (1:0) Klose
97%
2018 Schweden (2:1) Kroos
94%
2014 Brasilien (4:0) Kroos
94%
2014 Brasilien (3:0) Kroos
94%
2014 Frankreich (1:0) Hummels
93%
2014 Portugal (2:0) Hummels
93%
2014 Argentinien (1:0) Götze
92%
2014 Ghana (1:0) Götze
92%
2014 Brasilien (7:0) Schürrle
92%
2014 Brasilien (6:0) Schürrle
92%
2014 Algerien (1:0) Schürrle
92%
2006 Portugal (3:0) Schweinsteiger
90%
2006 Portugal (1:0) Schweinsteiger
90%
2014 Algerien (2:0) Özil
89%
2010 Ghana (1:0) Özil
89%
2014 Brasilien (5:0) Khedira
86%
2010 Uruguay (3:2) Khedira
86%
2006 Costa Rica (1:0) Lahm
85%
2010 England (2:0) Podolski
84%
2010 Australien (1:0) Podolski
84%
2006 Argentinien (4:2, 11m) Podolski
84%
2006 Schweden (2:0) Podolski
84%
2006 Schweden (2:0) Podolski
84%
2006 Ecuador (3:0) Podolski
84%
1970 England (1:2) Beckenbauer
78%
1966 UdSSR (2:0) Beckenbauer
78%
1966 Uruguay (2:0) Beckenbauer
78%
1966 Schweiz (4:0) Beckenbauer
78%
1966 Schweiz (3.0) Beckenbauer
78%
2022 Costa Rica (4:2) Füllkrug
78%
2022 Spanien (1:1) Füllkrug
78%
2022 Costa Rica (3:2) Havertz
78%
2022 Costa Rica (2.2) Havertz
78%
2006 Argentinien (3:2, 11m) Ballack
77%
2002 Südkorea (1:0) Ballack
77%
2002 USA (1:0) Ballack
77%
2002 Saudi-Arabien (3:0) Ballack
77%
2018 Schweden (1:1) Reus
74%
1998 Mexiko (1:1) Klinsmann
73%
1998 Iran (2:0) Klinsmann
73%
1998 USA (2:0) Klinsmann
73%
1994 Belgien (2:1) Klinsmann
73%
1994 Südkorea (3:0) Klinsmann
73%
1994 Südkorea (1:0) Klinsmann
73%
1994 Spanien (1:1) Klinsmann
73%
1994 Bolivien (1:0) Klinsmann
73%
1990 Niederlande (1:0) Klinsmann
73%
1990 Vereinigte Arabische Emirate (2:0) Klinsmann
73%
1990 Jugoslawien (2:0) Klinsmann
73%
1994 Bulgarien (1:0) Matthäus
73%
1990 England (3:3, 11m) Matthäus
73%
1990 Vereinigte Arabische Emirate (3:1) Matthäus
73%
1990 Jugoslawien (3:1) Matthäus
73%
1990 Jugoslawien (1:0) Matthäus
73%
1986 Mexiko (3:1, 11m) Matthäus
73%
1986 Marokko (1:0) Matthäus
73%
1958 Frankreich (2:4) Rahn
67%
1958 Jugoslawien (1:0) Rahn
67%
1958 Nordirland (1:1) Rahn
67%
1958 Tschechoslowakei (2:2) Rahn
67%
1958 Argentinien (3:1) Rahn
67%
1958 Argentinien (1:1) Rahn
67%
1954 Ungarn (3:2) Rahn
67%
1954 Ungarn (2:2) Rahn
67%
1954 Jugoslawien (2.0) Rahn
67%
1954 Ungarn (2:7) Rahn
67%
2022 Costa Rica (1:0) Gnabry
66%
1970 England (2:2) Seeler
65%
1970 Bulgarien (4:1) Seeler
65%
1970 Marokko (1:1) Seeler
65%
1966 Uruguay (3:0) Seeler
65%
1966 Spanien (2:1) Seeler
65%
1962 Chile (2:0) Seeler
65%
1962 Schweiz (2:0) Seeler
65%
1958 Nordirland (2:2) Seeler
65%
1958 Argentinien (2:1) Seeler
65%
1994 Belgien (3:1) Völler
65%
1994 Belgien (1:0) Völler
65%
1990 Vereinigte Arabische Emirate (5:1) Völler
65%
1990 Vereinigte Arabische Emirate (1:0) Völler
65%
1990 Jugoslawien (4:1) Völler
65%
1986 Argentinien (2:2) Völler
65%
1986 Frankreich (2:0) Völler
65%
1986 Schottland (1:1) Völler
65%
1986 Argentinien (1:2) Rummenigge
63%
1982 Frankreich (7:7, 11m) Rummenigge
63%
1982 Frankreich (2:3) Rummenigge
63%
1982 Chile (3:0) Rummenigge
63%
1982 Chile (2:0) Rummenigge
63%
1982 Chile (1:0) Rummenigge
63%
1982 Algerien (1:1) Rummenigge
63%
1978 Österreich (1:0) Rummenigge
63%
1978 Mexiko (5:0) Rummenigge
63%
1978 Mexiko (3:0) Rummenigge
63%
1990 Argentinien (1:0) Brehme
62%
1990 England (2:2, 11m) Brehme
62%
1990 England (1:0) Brehme
62%
1990 Niederlande (2:0) Brehme
62%
1986 Frankreich (1:0) Brehme
62%
1986 Mexiko (2:1, 11m) Brehme
62%
1974 Schweden (4:2) Hoeneß
60%
2006 Argentinien (2:1, 11m) Neuville
59%
2006 Polen (1:0) Neuville
59%
2002 Paraguay (1:0) Neuville
59%
1954 Österreich (5:1) Fritz Walter
57%
1954 Österreich (3:1) Fritz Walter
57%
1954 Türkei (5:1) Fritz Walter
57%
1954 Österreich (6:1) Ottmar Walter
57%
1954 Österreich (4:1) Ottmar Walter
57%
1954 Türkei (1:0) Ottmar Walter
57%
1954 Türkei (3:1) Ottmar Walter
57%
2006 Costa Rica (4:2) Frings
56%
2022 Japan (1:0) Gündogan
55%
2002 Saudi-Arabien (7:0) Bierhoff
54%
1998 Mexiko (2:1) Bierhoff
54%
1998 Iran (1:0) Bierhoff
54%
1998 Jugoslawien (2:2) Bierhoff
54%
2010 Argentinien (2:0) Friedrich
53%
2010 Australien (4:0) Cacau
52%
1982 Italien (1:3) Breitner
48%
1982 Frankreich (5:5, 11m) Breitner
48%
1974 Niederlande (1:1) Breitner
48%
1974 Jugoslawien (1:0) Breitner
48%
1974 Chile (1:0) Breitner
48%
2002 Saudi-Arabien (8:0) Schneider
40%
2006 Argentinien (5:3, 11m) Borowski
38%
2002 Saudi-Arabien (4:0) Jancker
37%
1982 Frankreich (3:3) Fischer
35%
1982 Spanien (2:0) Fischer
35%
1954 Ungarn (1:2) Morlock
35%
1954 Österreich (2:0) Morlock
35%
1954 Türkei (6:1) Morlock
35%
1954 Türkei (4:1) Morlock
35%
1954 Türkei (3:1) Morlock
35%
1954 Türkei (4:1) Morlock
35%
1998 USA (1:0) Möller
30%
2002 Kamerun (1:0) Bode
29%
2010 Uruguay (2:2) Jansen
29%
1990 Kolumbien (1:0) Littbarski
28%
1986 Mexiko (4:1, 11m) Littbarski
28%
1982 Frankreich (6:6, 11m) Littbarski
28%
1982 Frankreich (1:0) Littbarski
28%
1982 Spanien (1:0) Littbarski
28%
1990 England (5:4, 11m) Thon
28%
2002 Saudi-Arabien (6:0) Linke
24%
1974 Schweden (1:1) Overath
24%
1974 Australien (1:0) Overath
24%
1970 Uruguay (1:0) Overath
24%
1986 Mexiko (1:0, 11m) Allofs
22%
1986 Schottland (2:1) Allofs
22%
1986 Uruguay (1:1) Allofs
22%
1982 Frankreich (8:7, 11m) Hrubesch
22%
1982 Österreich (1:0) Hrubesch
22%
1994 Südkorea (2:0) Riedle
21%
1990 England (4:4, 11m) Riedle
21%
1958 Frankreich (3:5) Schäfer
17%
1958 Schweden (1;0) Schäfer
17%
1958 Tschechoslowakei (1:2) Schäfer
17%
1954 Österreich (1:0) Schäfer
17%
1954 Türkei (7:1) Schäfer
17%
1954 Türkei (2:0) Schäfer
17%
1954 Türkei (1:1) Schäfer
17%
1966 England (1:0) Haller
14%
1966 UdSSR (1:0) Haller
14%
1966 Uruguay (4:0) Haller
14%
1966 Uruguay (1:0) Haller
14%
1966 Schweiz (5:0) Haller
14%
1966 Schweiz (2:0) Haller
14%
1978 Österreich (2:2) Hölzenbein
14%
1990 Vereinigte Arabische Emirate (4:1) Bein
13%
1970 Italien (1:1) Schnellinger
12%
1974 Schweden (2:1) Bonhof
11%
1974 Schweden (3:2) Grabowski
10%
1982 Frankreich (4:4, 11m) Kaltz
10%
2006 Portugal (2:0, Eigentor) Petit
9%
1966 Spanien (1:1) Emmerich
7%
1966 Schweiz (1:0) Held
7%
1970 Bulgarien (1:1) Libuda
6%
1934 Belgien (5:2) Conen
5%
1934 Belgien (4:2) Conen
5%
1934 Belgien (3:2) Conen
5%
1978 Mexiko (6:0) Flohe
5%
1978 Mexiko (4:0) Flohe
5%
1966 England (2:2) Weber
5%
1954 Ungarn (3:8) Herrmann
4%
1934 Belgien (2:2) Siffling
4%
1978 Niederlande (1:0) Abramczik
3%
1974 Australien (2:0) Cullmann
3%
1938 Schweiz (1:0) Hahnemann
3%
1954 Türkei (2:1) Klodt
3%
1954 Ungarn (1:3) Pfaff
3%
1982 Chile (4:0) Reinders
3%
1962 Schweiz (1:0) Brülls
2%
1934 Belgien (1:0) Kobierski
2%
1998 Jugoslawien (1:2, Eigentor) Mihajlovic
2%
1958 Frankreich (1:1) Cieslarczyk
1%
1938 Schweiz (1:0) Gauchel
1%
1934 Schweden (2:0) Hohmann
1%
1934 Schweden (1:0) Hohmann
1%
1954 Jugoslawien (1:0, Eigentor) Horvat
1%
1962 Chile (1:0) Szymaniak
1%
1938 Schweiz (2:0) Lörtscher
0%
1934 Tschechoslowakei (1:1) Noack
0%
Keine übereinstimmenden Quizze gefunden
Verteilung der Resultate
Anzahl Personen mit jedem Resultat
Perzentil nach korrekt beantworteten Fragen
Ihre Resultats-Entwicklung
Sie haben dieses Quiz seit der letzten Aktualisierung nicht gespielt